Statistiche per Miglior marcatore per squadra della serie A

Clicka qui per fare il quiz!

Statistiche generali

  • Questo quiz è stato fatto 20 volte
  • Il punteggio medio è 59 su 140

Statistiche sulle risposte

ANNOSQUADRAGIOCATORE% Corretto
17/18JUVENTUSDYBALA
100%
21/22JUVENTUSDYBALA
100%
22/23ROMADYBALA
100%
20/21LAZIOIMMOBILE
100%
18/19LAZIOIMMOBILE
100%
22/23LAZIOIMMOBILE
100%
16/17LAZIOIMMOBILE
100%
21/22LAZIOIMMOBILE
100%
17/18LAZIOIMMOBILE
100%
19/20LAZIOIMMOBILE
100%
16/17JUVENTUSHIGUAIN
91%
21/22INTERLAUTARO
91%
22/23INTERLAUTARO
91%
21/22FIORENTINAVLAHOVIC
91%
20/21FIORENTINAVLAHOVIC
91%
22/23JUVENTUSVLAHOVIC
91%
18/19ATALANTAZAPATA
91%
22/23MILANLEAO
82%
20/21JUVENTUSRONALDO
82%
18/19JUVENTUSRONALDO
82%
19/20JUVENTUSRONALDO
82%
20/21TORINOBELOTTI
73%
18/19TORINOBELOTTI
73%
19/20TORINOBELOTTI
73%
16/17TORINOBELOTTI
73%
21/22TORINOBELOTTI
73%
20/21SASSUOLOBERARDI
73%
22/23SASSUOLOBERARDI
73%
19/20ROMADZEKO
73%
16/17ROMADZEKO
73%
17/18ROMADZEKO
73%
21/22MILANGIROUD
73%
16/17NAPOLIMERTENS
73%
17/18NAPOLIMERTENS
73%
19/20INTERLUKAKU
64%
20/21INTERLUKAKU
64%
20/21ATALANTAMURIEL
64%
19/20ATALANTAMURIEL
64%
22/23SPEZIANZOLA
64%
20/21SPEZIANZOLA
64%
20/21SAMPDORIAQUAGLIARELLA
64%
17/18SAMPDORIAQUAGLIARELLA
64%
18/19SAMPDORIAQUAGLIARELLA
64%
19/20SAMPDORIAQUAGLIARELLA
64%
16/17SAMPDORIAQUAGLIARELLA
64%
20/21CROTONESIMY
64%
17/18CROTONESIMY
64%
21/22SAMPDORIACAPUTO
55%
19/20SASSUOLOCAPUTO
55%
18/19EMPOLICAPUTO
55%
16/17ATALANTAGOMEZ
55%
18/19INTERICARDI
55%
16/17INTERICARDI
55%
17/18INTERICARDI
55%
18/19NAPOLIMILIK
55%
19/20NAPOLIMILIK
55%
21/22NAPOLIOSIMHEN
55%
22/23NAPOLIOSIMHEN
55%
19/20SPALPETAGNA
55%
18/19SPALPETAGNA
55%
22/23TORINOSANABRIA
55%
22/23UDINESEBETO
45%
19/20FIORENTINACHIESA
45%
17/18ATALANTAILICIC
45%
18/19BOLOGNAORSOLINI
45%
22/23BOLOGNAORSOLINI
45%
21/22EMPOLIPINAMONTI
45%
21/22ROMAABRAHAM
36%
21/22BOLOGNAARNAUTOVIC
36%
22/23SALERNITANADIA
36%
16/17CROTONEFALCINELLI
36%
20/21MILANIBRAHIMOVIC
36%
20/21NAPOLIINSIGNE
36%
20/21BENEVENTOLAPADULA
36%
17/18GENOALAPADULA
36%
21/22SASSUOLOSCAMACCA
36%
21/22HELLASSIMEONE
36%
17/18FIORENTINASIMEONE
36%
16/17GENOASIMEONE
36%
22/23LECCESTREFEZZA
36%
16/17MILANBACCA
27%
20/21HELLASBARAK
27%
16/17PESCARACAPRARI
27%
21/22UDINESEDEULOFEU
27%
22/23ATALANTALOOKMAN
27%
18/19MILANPIATEK
27%
18/19GENOAPIATEK
27%
21/22SPEZIAVERDE
27%
22/23CREMONESECIOFANI
18%
17/18MILANCUTRONE
18%
21/22VENEZIAHENRY
18%
17/18CHIEVOINGLESE
18%
16/17CHIEVOINGLESE
18%
16/17FIORENTINAKALINIC
18%
19/20GENOAPANDEV
18%
18/19CAGLIARIPAVOLETTI
18%
17/18CAGLIARIPAVOLETTI
18%
17/18SASSUOLOPOLITANO
18%
21/22SALERNITANABONAZZOLI
9%
22/23FIORENTINACABRAL
9%
22/23EMPOLICAMBIAGHI
9%
18/19FROSINONECIANO
9%
19/20PARMACORNELIUS
9%
16/17SASSUOLODEFREL
9%
16/17BOLOGNADESTRO
9%
21/22GENOADESTRO
9%
20/21GENOADESTRO
9%
22/23SAMPDORIAGABBIADINI
9%
19/20CAGLIARIJOAO PEDRO
9%
20/21CAGLIARIJOAO PEDRO
9%
21/22CAGLIARIJOAO PEDRO
9%
17/18UDINESELASAGNA
9%
19/20UDINESELASAGNA
9%
19/20LECCEMANCOSU
9%
21/22ATALANTAPASALIC
9%
17/18HELLASPAZZINI
9%
19/20MILANREBIC
9%
20/21BOLOGNASORIANO
9%
18/19CHIEVOSTEPINSKI
9%
16/17UDINESETHEREAU
9%
17/18BOLOGNAVERDI
9%
22/23HELLASVERDI
9%
17/18SPALANTENUCCI
0%
18/19SASSUOLOBABACAR
0%
19/20BOLOGNABARROW
0%
18/19FIORENTINABENASSI
0%
16/17CAGLIARIBORRIELLO
0%
22/23MONZACIURRIA
0%
18/19UDINESEDE PAUL
0%
20/21UDINESEDE PAUL
0%
17/18BENEVENTODIABATE
0%
19/20HELLASDI CARMINE
0%
19/20BRESCIADONNARUMMA
0%
18/19ROMAEL SHAARAWI
0%
18/19PARMAGERVINHO
0%
20/21PARMAHERNANI
0%
17/18TORINOIAGO FALQUE
0%
16/17EMPOLIMCHEDLIDZE
0%
20/21ROMAMKHITARYAN
0%
16/17PALERMONESTOROVSKI
0%

Distribuzione punteggi

Percentile per numero di risposta

Percentuale di utenti per punteggio

I tuoi punteggi nel tempo

Non hai fatto questo quiz